Most Streamed Albums of All Time on Spotify - Statistics

General Stats
  • This quiz has been taken 39 times
  • The average score is 20 of 50
Answer Stats
# Streams Album Artist % Correct
15 6.629B SOUR Olivia Rodrigo
76%
1 11.736B Divide (%) Ed Sheeran
74%
5 8.782B Multiply (x) Ed Sheeran
74%
8 8.163B Future Nostalgia Dua Lipa
71%
14 6.937B Starboy The Weeknd
71%
12 7.331B After Hours The Weeknd
68%
3 9.300B Dua Lipa Dua Lipa
68%
2 9.794B beerbongs & bentleys Post Malone
62%
11 7.463B Views Drake
62%
27 5.464B DAMN. Kendrick Lamar
59%
10 8.026B Scorpion Drake
59%
44 4.660B 25 Adele
56%
17 6.338B ASTROWORLD Travis Scott
56%
4 9.260B Hollywood's Bleeding Post Malone
53%
16 6.378B Beauty Behind The Madness The Weeknd
50%
6 8.464B When We All Fall Asleep, Where Do We Go? Billie Eilish
50%
23 5.868B Fine Line Harry Styles
47%
41 4.778B Justice Justin Bieber
47%
36 4.982B Dangerous Woman Ariana Grande
44%
20 6.025B thank u, next Ariana Grande
44%
42 4.752B ANTI Rihanna
41%
7 8.202B Purpose Justin Bieber
41%
24 5.866B 17 XXXTENTACION
38%
29 5.441B Blurryface Twenty One Pilots
38%
13 7.298B Stoney Post Malone
38%
21 5.984B Shawn Mendes Shawn Mendes
35%
22 5.902B Goodbye & Good Riddance Juice WRLD
32%
48 4.493B Legends Never Die Juice WRLD
32%
40 4.808B My Everything Ariana Grande
32%
30 5.315B Shoot For The Stars Aim For The Moon Pop Smoke
32%
18 6.312B dont smile at me Billie Eilish
29%
26 5.716B Evolve Imagine Dragons
29%
37 4.896B Hamilton (Original Broadway Cast Recording) Lin-Manuel Miranda, Various Artists
29%
31 5.275B More Life Drake
29%
45 4.614B AM Arctic Monkeys
26%
9 8.128B ? XXXTENTACION
24%
38 4.868B Doo-Wops & Hooligans Bruno Mars
24%
28 5.456B In The Lonely Hour Sam Smith
24%
33 5.032B American Teen Khalid
21%
43 4.750B F*ck Love 3: Over You The Kid Laroi
21%
34 4.995B Night Visions Imagine Dragons
21%
49 4.483B Nine Track Mind Charlie Puth
21%
25 5.797B Divinely Uninspired To a Hellish Extent Lewis Capaldi
18%
32 5.100B Illuminate Shawn Mendes
18%
35 4.992B No.6 Collaborations Project Ed Sheeran
18%
39 4.821B Red Pill Blues Maroon 5
18%
46 4.659B Speak Your MInd Anne-Marie
15%
50 4.416B VIDA Luis Fonsi
9%
19 6.212B YHLQMDLG Bad Bunny
9%
47 4.593B Collage The Chainsmokers
6%
No matching quizzes found
Score Distribution
Percent of People with Each Score
Percentile by Number Answered
Your Score History
You have not taken this quiz